Rozvoj ľudských zdrojov v Slovenskej republike smerom k učiacej sa spoločnosti (Teoreticko-metodologický a implementačný rámec)

Cieľ, materiál a metodika. Výsledky. Teoreticko-metodologický rámec rozvoja ľudských zdrojov. Nová dimenzia kvality života v učiacej sa spoločnosti. Teoretické vymedzenie učiacej sa organizácie. Nové východiská a prístupy k ľudským zdrojom. Metodologický prístup k ľudským zdrojom a jeho využitie. Im...

ver descrição completa

Na minha lista:
Detalhes bibliográficos
Autor principal: Antalová, Mária, 1952-
Formato: Capítulo de Livro
Idioma:eslovaco
Assuntos:
Tags: Adicionar Tag
Sem tags, seja o primeiro a adicionar uma tag!

MARC

LEADER 00000naa$a2200000$$$4500
001 0092349
005 20240502072030.9
041 0 |a slo 
044 |a SK 
245 1 0 |a Rozvoj ľudských zdrojov v Slovenskej republike smerom k učiacej sa spoločnosti (Teoreticko-metodologický a implementačný rámec)  |c Mária Antalová 
520 |a Cieľ, materiál a metodika. Výsledky. Teoreticko-metodologický rámec rozvoja ľudských zdrojov. Nová dimenzia kvality života v učiacej sa spoločnosti. Teoretické vymedzenie učiacej sa organizácie. Nové východiská a prístupy k ľudským zdrojom. Metodologický prístup k ľudským zdrojom a jeho využitie. Implementačný rámec. Oblasť hodnôt. Oblasť spoločenskej kultúry. Oblasť profesijných kompetencií. Diskusia. 
610 2 0 |a zdroje ľudské 
610 2 0 |a spoločnosť 
610 2 0 |a organizácie 
610 2 0 |a vzdelávanie 
610 2 0 |a kvalita života 
610 2 0 |a kompetencie 
610 2 0 |a Slovensko 
100 1 |a Antalová, Mária, 1952-